00351nam a22000977a 4500003000400000082001900004100003900023245009600062260008700158300000800245SGT a891.4309bK14G aगुप्त, श्याम  aक्रांति राम की : सन्दर्भ एकल अभियान bश्री शंकर सेवा समिति प्रकाशनc2014 a508